[Event "Open 13 2011/2012"]
[Site "Vitrolles"]
[Date "2012.01.28"]
[Round "6"]
[White "Joubert, Leo"]
[Black "Mosse, Laurent"]
[Result "1-0"]
[WhiteElo "1722"]
[BlackElo "1792"]
[PlyCount "69"]

1. e4 c6 2. d4 d5 3. Nc3 dxe4 4. Nxe4 Bf5 5. Ng3 Bg6 6. h4 h6 7. h5 Bh7 8. Nf3
Qc7 9. Bd3 Bxd3 10. Qxd3 Nd7 11. Bd2 e6 12. O-O-O Bd6 13. Ne4 Ngf6 14. Kb1 Nxe4
15. Qxe4 Nf6 16. Qe2 Qb6 17. c4 Bb4 18. d5 cxd5 19. cxd5 O-O 20. Bxb4 Qxb4 21.
dxe6 Qe4+ 22. Qxe4 Nxe4 23. exf7+ Rxf7 24. Rd4 Nc5 25. Rhd1 Raf8 26. Re1 Rf5
27. b4 Na4 28. Re7 Rxh5 29. Rdd7 Rh1+ 30. Kc2 Rc8+ 31. Kd2 Rhc1 32. Nd4 Nb6 33.
Rxg7+ Kf8 34. Ne6+ Ke8 35. Rge7# 1-0

[Event "Open 13 2011/2012"]
[Site "Vitrolles"]
[Date "2012.01.28"]
[Round "6"]
[White "Derien, Robert"]
[Black "Jullien, Patrick"]
[Result "1-0"]
[WhiteElo "1743"]
[BlackElo "1666"]
[PlyCount "76"]

1. e4 e5 2. Nf3 Nc6 3. Bc4 Bc5 4. c3 Nf6 5. d4 exd4 6. cxd4 Bb4+ 7. Bd2 d5 8.
exd5 Nxd5 9. O-O O-O 10. Nc3 Be6 11. Bb3 Re8 12. Rc1 Ba5 13. Bg5 f6 14. Bd2 Bb6
15. Re1 Qd7 16. Rxe6 Rxe6 17. Bxd5 Nxd4 18. Nxd4 Bxd4 19. Qg4 Rae8 20. Qxd4 Kh8
21. Qf4 Rd6 22. Re1 Rd8 23. Qe4 c6 24. Be6 Qe8 25. Bf4 Rd4 26. Qf5 Qe7 27. Be3
g6 28. Qh3 Rd3 29. Bc4 R3d7 30. Kf1 Qb4 31. Bb3 c5 32. Qe6 Kg7 33. Ne4 Qb6 34.
Qh3 Qb5+ 35. Kg1 c4 36. Nc3 Qb4 37. Bh6+ Kh8 38. Qe6 cxb3 1-0

[Event "Open 13 2011/2012"]
[Site "Vitrolles"]
[Date "2012.01.28"]
[Round "6"]
[White "Tchifteyan, Philippe"]
[Black "Charvein, Gabriel"]
[Result "0-1"]
[WhiteElo "1661"]
[BlackElo "1736"]
[PlyCount "102"]

1. e4 d5 2. e5 Bf5 3. d4 e6 4. Bd3 Bxd3 5. Qxd3 a6 6. Nf3 c5 7. c3 Nc6 8. a3
Qb6 9. O-O c4 10. Qc2 Nge7 11. Nbd2 Qc7 12. b3 cxb3 13. Nxb3 Nf5 14. g4 Nh6 15.
h3 Rc8 16. Bd2 Na7 17. a4 Ng8 18. Qb2 b6 19. Nc1 h5 20. g5 h4 21. Nh2 Ne7 22.
Ng4 Nf5 23. Ne2 Be7 24. Ne3 Nxe3 25. Bxe3 Nc6 26. f4 g6 27. Bf2 Bd8 28. Be1 Ne7
29. Bf2 Nf5 30. Rfc1 Qc4 31. Ra3 O-O 32. Qc2 b5 33. axb5 axb5 34. Qb2 Be7 35.
Rb3 Ra8 36. Rc2 Rfb8 37. Kg2 Ra4 38. Nc1 Ra5 39. Rd2 Rba8 40. Nd3 Ra2 41. Qxa2
Rxa2 42. Rxa2 Qxb3 43. Ra8+ Kg7 44. Rc8 Qc2 45. Nc5 Bxc5 46. dxc5 Qe4+ 47. Kg1
Ng3 48. Bxg3 hxg3 49. Ra8 Qe1+ 50. Kg2 Qf2+ 51. Kh1 Qh2# 0-1

[Event "Open 13 2011/2012"]
[Site "Vitrolles"]
[Date "2012.01.28"]
[Round "6"]
[White "Estevez, Ange"]
[Black "Israel, Daniel"]
[Result "0-1"]
[WhiteElo "1624"]
[BlackElo "1828"]
[PlyCount "72"]

1. e4 c5 2. Nf3 d6 3. d4 cxd4 4. Nxd4 Nc6 5. Nc3 Nf6 6. Be2 g6 7. Be3 Bg7 8.
O-O O-O 9. Kh1 Bd7 10. Nb3 a6 11. f4 b5 12. a3 Rc8 13. Bf3 Qc7 14. Ne2 Rfd8 15.
Ng3 e6 16. Qe2 Ne7 17. c3 e5 18. fxe5 dxe5 19. Qf2 Rb8 20. Nc5 Bc8 21. Rad1 Rd6
22. Rxd6 Qxd6 23. Rd1 Qc7 24. Qd2 Nc6 25. Qd6 Ne8 26. Qxc7 Nxc7 27. b4 Bf8 28.
Nd7 Bxd7 29. Rxd7 Ne6 30. Bg4 Re8 31. h3 Kg7 32. Ne2 h5 33. Bf3 Rc8 34. Nc1 Nb8
35. Rd3 a5 36. Na2 Rc4 0-1

[Event "Open 13 2011/2012"]
[Site "Vitrolles"]
[Date "2012.01.28"]
[Round "6"]
[White "Parroco, Pierre-Jean"]
[Black "Urcun, Gael"]
[Result "0-1"]
[WhiteElo "1696"]
[BlackElo "1700"]
[PlyCount "76"]

1. e4 c6 2. d4 d5 3. Nc3 dxe4 4. Nxe4 Bf5 5. Ng3 Bg6 6. h4 h6 7. Nf3 Nd7 8. h5
Bh7 9. Bd3 Bxd3 10. Qxd3 e6 11. Bd2 Ngf6 12. Ne4 Nxe4 13. Qxe4 Nf6 14. Qe2 Be7
15. O-O-O O-O 16. g4 Qd5 17. c4 Qe4 18. Qxe4 Nxe4 19. Be3 Rfc8 20. Nd2 Nxd2 21.
Rxd2 b5 22. cxb5 cxb5+ 23. Rc2 f5 24. Rg1 fxg4 25. Rxg4 Kf7 26. Rf4+ Bf6 27.
Rf3 Rxc2+ 28. Kxc2 Rd8 29. Kd3 e5 30. d5 Rxd5+ 31. Ke4 Rd7 32. b4 Ke6 33. Rf5
a6 34. a3 Rd1 35. Rf3 Rh1 36. Rf5 Rh4+ 37. f4 exf4 38. Rxf4 Rxh5 0-1

[Event "Open 13 2011/2012"]
[Site "Vitrolles"]
[Date "2012.01.28"]
[Round "6"]
[White "Vialette, Eric"]
[Black "Flores, Antonio"]
[Result "1-0"]
[WhiteElo "1740"]
[BlackElo "1640"]
[PlyCount "104"]

1. e4 d6 2. d4 Nf6 3. Nc3 g6 4. f4 Bg7 5. Nf3 c5 6. e5 Ng4 7. dxc5 O-O 8. h3
Nh6 9. cxd6 exd6 10. Qxd6 Qa5 11. Qd5 Qb6 12. Bc4 Be6 13. Qb5 Bxc4 14. Qxc4 Nc6
15. Qb5 Qc7 16. O-O Nf5 17. Nd5 Qd7 18. Rd1 Kh8 19. Ne3 Qc8 20. Kh2 g5 21. g4
Nxe3 22. Bxe3 gxf4 23. Bxf4 Ne7 24. Rd2 Ng6 25. Bg5 Qc7 26. Kg2 Nxe5 27. Bf4 f6
28. Rad1 Rad8 29. c3 a6 30. Qb3 Qc6 31. Bxe5 Rxd2+ 32. Rxd2 fxe5 33. Qd5 Qf6
34. Re2 Qf4 35. Qxb7 h6 36. Qe4 Qc1 37. a4 Rf4 38. Qc2 Qa1 39. Rd2 e4 40. Rd8+
Kh7 41. Rd1 Qa2 42. Nh4 Qf7 43. Nf5 Qb7 44. Ne3 Qb6 45. Nd5 Qd6 46. Nxf4 Qxf4
47. Rf1 Qg5 48. Qe2 Qd5 49. Qe3 Qb7 50. Rf2 Be5 51. Re2 Kh8 52. Qxe4 Qxe4+ 1-0

[Event "Open 13 2011/2012"]
[Site "Vitrolles"]
[Date "2012.02.18"]
[Round "7"]
[White "Jean, Nicolas"]
[Black "Dudognon, Thibault"]
[Result "1-0"]
[WhiteElo "1814"]
[BlackElo "1789"]
[PlyCount "96"]

1. e4 c5 2. Nf3 d6 3. Bb5+ Bd7 4. Bxd7+ Nxd7 5. O-O Ngf6 6. Re1 e6 7. c3 Be7 8.
d4 cxd4 9. cxd4 d5 10. Nc3 Nxe4 11. Nxe4 dxe4 12. Rxe4 Nf6 13. Re1 O-O 14. Ng5
h6 15. Ne4 Nxe4 16. Rxe4 Bf6 17. Qb3 Qd5 18. Qxd5 exd5 19. Re1 Rac8 20. Be3 Rc2
21. Rab1 Rfc8 22. Kf1 a5 23. Re2 a4 24. a3 b5 25. Ke1 R8c4 26. Rxc2 Rxc2 27.
Kd1 Rc4 28. Rc1 Rxc1+ 29. Kxc1 Kf8 30. Kc2 Ke7 31. Kd3 Kd6 32. Bd2 h5 33. Bb4+
Kd7 34. Kc3 g5 35. Bc5 Bd8 36. Kd3 f5 37. h3 g4 38. hxg4 fxg4 39. Ke2 Bg5 40.
Bb4 h4 41. Be1 Ke6 42. f4 h3 43. gxh3 gxh3 44. Bg3 Bh4 45. Bh2 Kf5 46. Kf3 Be1
47. Ke2 Ba5 48. Kd3 Bc7 1-0

[Event "Open 13 2011/2012"]
[Site "Vitrolles"]
[Date "2012.02.18"]
[Round "7"]
[White "Madranges, Jean"]
[Black "Faure, Alexandre"]
[Result "0-1"]
[WhiteElo "1832"]
[BlackElo "1756"]
[PlyCount "36"]

1. e4 e6 2. d4 d5 3. e5 c5 4. c3 Nc6 5. Nf3 Qb6 6. Bd3 Bd7 7. dxc5 Bxc5 8. O-O
f6 9. b4 Be7 10. Re1 fxe5 11. Nxe5 Nxe5 12. Rxe5 Nf6 13. Bg5 O-O 14. Qc2 h6 15.
Bh4 Ng4 16. Bxe7 Rxf2 17. Bc5 Rxc2 18. Bxb6 Rc1+ 0-1

[Event "Open 13 2011/2012"]
[Site "Vitrolles"]
[Date "2012.02.18"]
[Round "7"]
[White "Cescon, Moreno"]
[Black "Del Vecchio, Alain"]
[Result "0-1"]
[WhiteElo "1820"]
[BlackElo "1762"]
[PlyCount "140"]

1. e4 c5 2. f4 d5 3. exd5 Qxd5 4. Qf3 Nf6 5. Nc3 Qd8 6. Bb5+ Nbd7 7. Ne4 Nxe4
8. Qxe4 Qb6 9. Ba4 g6 10. Nf3 Bg7 11. O-O Qb4 12. Qxb4 cxb4 13. d3 O-O 14. Rb1
Nc5 15. Bb5 a6 16. Bc4 e6 17. d4 Nd7 18. Be3 b5 19. Be2 Nb6 20. Bd2 Nd5 21. c4
bxc3 22. bxc3 Nf6 23. Bd3 Bb7 24. Ne5 Ne4 25. Be1 Rac8 26. Rc1 Rfd8 27. Bxe4
Bxe4 28. Bf2 f6 29. Ng4 Rc6 30. Bh4 Rf8 31. Rfe1 Bd5 32. a3 Kf7 33. Ne3 Bb3 34.
Bf2 Rfc8 35. c4 Bxc4 36. g4 Bf8 37. a4 Bb4 38. Red1 Be2 39. Rxc6 Rxc6 40. Rb1
Bd2 41. axb5 axb5 42. f5 gxf5 43. gxf5 exf5 44. Rb2 Bxe3 45. Bxe3 Bc4 46. Kf2
Ke6 47. Kg3 Rc8 48. Kf4 Rb8 49. Bd2 Bd3 50. Bb4 Rg8 51. h3 Kd5 52. Bc5 Rg1 53.
Rb3 Rf1+ 54. Kg3 Bc4 55. Rb2 Ke4 56. Rd2 f4+ 57. Kg2 f3+ 58. Kg3 f5 59. Bb6 f4+
60. Kh4 Ke3 61. Rb2 Ke4 62. Rd2 Bd5 63. Ba5 f2 64. Re2+ Kf3 65. Rc2 Ra1 66. Bd2
f1=Q 67. Rc3+ Ke2 68. Rc2 Qf2+ 69. Kg5 Qg3+ 70. Kf5 Qg6+ 0-1

[Event "Open 13 2011/2012"]
[Site "Vitrolles"]
[Date "2012.02.18"]
[Round "7"]
[White "Montanelli, Tristan"]
[Black "Giraud, Sylvain"]
[Result "1-0"]
[WhiteElo "1695"]
[BlackElo "1810"]
[PlyCount "53"]

1. e4 Nf6 2. Nc3 d5 3. e5 Nfd7 4. d4 c5 5. e6 fxe6 6. dxc5 Nc6 7. Be3 Qa5 8. a3
Nf6 9. b4 Qd8 10. Nf3 e5 11. b5 e4 12. bxc6 exf3 13. cxb7 Bxb7 14. Bb5+ Kf7 15.
Qxf3 e5 16. c6 Bc8 17. Bd2 Be7 18. O-O Rf8 19. Rfe1 Kg8 20. Bg5 a6 21. Bxf6
axb5 22. c7 Qd7 23. Nxd5 Bxf6 24. Nxf6+ Rxf6 25. Qxa8 Qxc7 26. Qd5+ Kh8 27.
Rxe5 1-0

[Event "Open 13 2011/2012"]
[Site "Vitrolles"]
[Date "2012.02.18"]
[Round "7"]
[White "Danielian, Kevin"]
[Black "Saada, Claude"]
[Result "1-0"]
[WhiteElo "1566"]
[BlackElo "1833"]
[PlyCount "111"]

1. d4 d5 2. c4 e6 3. Nc3 Nf6 4. Nf3 Be7 5. Bf4 a6 6. cxd5 exd5 7. Rc1 O-O 8. e3
c6 9. Bd3 Nbd7 10. Qc2 h6 11. h3 c5 12. dxc5 Nxc5 13. O-O Nxd3 14. Qxd3 Be6 15.
Rfd1 Qa5 16. Nd4 Rac8 17. Rc2 Qd8 18. Rdc1 Qd7 19. Bg3 Rfe8 20. Nce2 Rxc2 21.
Rxc2 Rc8 22. Rxc8+ Qxc8 23. Qc2 Qxc2 24. Nxc2 Ne4 25. Ncd4 Bf6 26. Bc7 Kf8 27.
f3 Nd2 28. Bd6+ Ke8 29. b3 Be7 30. Bxe7 Kxe7 31. Nc3 Kd6 32. Kf2 Kc5 33. Nxe6+
fxe6 34. Ke2 Nxb3 35. Na4+ Kb4 36. axb3 Kxb3 37. Nc5+ Kb4 38. Nxb7 a5 39. Nxa5
Kxa5 40. Kd3 Kb5 41. Kd4 Kc6 42. Ke5 Kd7 43. h4 Ke7 44. h5 Kd7 45. g4 Ke7 46.
f4 Kf7 47. f5 exf5 48. gxf5 Ke7 49. Kxd5 Kf6 50. e4 Ke7 51. e5 Kd7 52. e6+ Kc7
53. Ke5 Kd8 54. Kd6 Ke8 55. e7 g5 56. f6 1-0

[Event "Open 13 2011/2012"]
[Site "Vitrolles"]
[Date "2012.02.18"]
[Round "7"]
[White "Panagiotopoulos, Christos"]
[Black "Bertrand, Alexandre"]
[Result "1/2-1/2"]
[WhiteElo "1810"]
[BlackElo "1661"]
[PlyCount "85"]

1. e4 Nf6 2. Nc3 e5 3. f4 d5 4. fxe5 Nxe4 5. Nxe4 dxe4 6. d4 exd3 7. Qxd3 Qxd3
8. Bxd3 Nc6 9. Bf4 Bc5 10. O-O-O Be6 11. Kb1 O-O-O 12. a3 Nd4 13. h3 Bd5 14.
Rh2 Ne6 15. Bd2 Bd4 16. Nf3 Bxf3 17. gxf3 Bxe5 18. Re2 Bf6 19. Bf5 Bg5 20. Kc1
Rxd2 21. Rdxd2 Rd8 22. Kd1 Rxd2+ 23. Rxd2 Bxd2 24. Kxd2 Kd8 25. Ke3 Ke7 26. h4
h6 27. b4 c5 28. c3 cxb4 29. axb4 g5 30. hxg5 Nxg5 31. c4 Kd6 32. c5+ Kc6 33.
f4 Ne6 34. Bd3 a5 35. f5 Ng5 36. bxa5 Kxc5 37. a6 bxa6 38. Bxa6 Kd5 39. Kf4 f6
40. Bb7+ Kd4 41. Kg4 Ke5 42. Kh5 Kxf5 43. Kxh6 1/2-1/2

[Event "Open 13 2011/2012"]
[Site "Vitrolles"]
[Date "2012.02.18"]
[Round "7"]
[White "Beraud, Robert"]
[Black "Figier, Anthony"]
[Result "0-1"]
[WhiteElo "1810"]
[BlackElo "1803"]
[PlyCount "56"]

1. e4 Nf6 2. e5 Nd5 3. d4 d6 4. Nf3 g6 5. Bc4 Nb6 6. Bb3 Bg7 7. O-O O-O 8. Nc3
Bg4 9. h3 Bxf3 10. Qxf3 Nc6 11. Rd1 e6 12. Qg3 dxe5 13. dxe5 Qe7 14. Bg5 Qc5
15. Ne4 Qxe5 16. Qxe5 Bxe5 17. Bf6 Bxf6 18. Nxf6+ Kg7 19. Nd7 Rfd8 20. Nxb6
axb6 21. c3 Kf6 22. h4 Ne5 23. Bc2 Rxd1+ 24. Bxd1 Rd8 25. Bc2 Rd2 26. Rc1 Ng4
27. Be4 Rxb2 28. Bxb7 Rxa2 0-1

[Event "Open 13 2011/2012"]
[Site "Vitrolles"]
[Date "2012.02.18"]
[Round "7"]
[White "Nari, Alain"]
[Black "Derien, Robert"]
[Result "0-1"]
[WhiteElo "1730"]
[BlackElo "1743"]
[PlyCount "148"]

1. e4 e5 2. Nc3 Nf6 3. Bc4 Be7 4. d3 Nc6 5. f4 d6 6. h3 a6 7. Nf3 Na5 8. Bb3
Nxb3 9. axb3 c6 10. fxe5 dxe5 11. Nxe5 Be6 12. Be3 c5 13. Na4 Qc7 14. Nf3 Rd8
15. O-O Nxe4 16. Qc1 Nf6 17. Ng5 Bd5 18. Qe1 O-O 19. Qf2 h6 20. Nf3 Bd6 21.
Bxc5 Bg3 22. Qd2 Bxf3 23. gxf3 Bf4 24. Qg2 Rd5 25. Qf2 Re8 26. Kh1 Rde5 27. Bb6
Qd7 28. Qh4 Bg5 29. Qg3 Be3 30. Bxe3 Rxe3 31. Rac1 Qc6 32. Nc3 Qe6 33. Kh2 Nh5
34. Qg4 Qd6+ 35. Kg2 Nf4+ 36. Kh1 Ne2 37. Nxe2 Rxe2 38. Qg1 R8e6 39. Rf2 Qf4
40. Rcf1 Qd2 41. Rxe2 Rxe2 42. Qg3 Qxc2 43. Re1 Qxb2 44. Rxe2 Qxe2 45. Qb8+ Kh7
46. Qxb7 Qxd3 47. Qxf7 Qf1+ 48. Kh2 Qf2+ 49. Kh1 Qg3 50. Qf5+ Qg6 51. Qe4 Qxe4
52. fxe4 Kg6 53. Kg2 Kf6 54. Kf3 Ke5 55. Kg4 Kxe4 56. Kh5 Kf5 57. b4 Kf6 58.
Kg4 g6 59. Kf4 Ke6 60. Ke4 Kd6 61. Kd4 g5 62. Ke4 Kc6 63. Kf5 Kb5 64. Kg6 Kxb4
65. Kxh6 a5 66. Kxg5 a4 67. h4 a3 68. h5 a2 69. h6 a1=Q 70. Kg6 Qh8 71. h7 Kc5
72. Kh6 Kd6 73. Kg6 Ke6 74. Kh6 Kf7 0-1

[Event "Open 13 2011/2012"]
[Site "Vitrolles"]
[Date "2012.02.18"]
[Round "7"]
[White "Israel, Daniel"]
[Black "Savalle, Mathilde"]
[Result "0-1"]
[WhiteElo "1828"]
[BlackElo "1677"]
[PlyCount "92"]

1. e4 c5 2. Nc3 Nc6 3. g3 Nf6 4. Bg2 d6 5. Nge2 g6 6. O-O Bg7 7. d3 O-O 8. f4
e6 9. Kh1 a6 10. a4 Bd7 11. Be3 Rc8 12. Ra3 Ne8 13. g4 Nc7 14. Ng3 Nd4 15. f5
Bc6 16. Qd2 b5 17. axb5 axb5 18. Nd1 b4 19. Ra2 b3 20. cxb3 Nxb3 21. Qc2 Nd4
22. Qd2 Ra8 23. Rxa8 Nxa8 24. Bh6 Nb3 25. Qe3 Bd4 26. Qe2 Re8 27. fxg6 fxg6 28.
Qf3 Qe7 29. Qe2 Be5 30. Bf4 Bxf4 31. Rxf4 Qg5 32. Rf1 Nb6 33. Qf2 Qe7 34. Qc2
Nd4 35. Qd2 Nd7 36. g5 Rf8 37. Rxf8+ Qxf8 38. Nf2 Ne5 39. Nh3 Ndf3 40. Qe3 Nd4
41. Nf4 Ng4 42. Qd2 Nb3 43. Nxe6 Nxd2 44. Nxf8 Kxf8 45. Kg1 Bb5 46. h3 Ne5 0-1

[Event "Open 13 2011/2012"]
[Site "Vitrolles"]
[Date "2012.02.18"]
[Round "7"]
[White "Jullien, Patrick"]
[Black "Girard, Jean-Pierre"]
[Result "0-1"]
[WhiteElo "1666"]
[BlackElo "1875"]
[PlyCount "88"]
[EventDate "2012.??.??"]

1. e4 c5 2. Nc3 Nc6 3. f4 e6 4. Bc4 Nge7 5. Nf3 d5 6. Be2 Ng6 7. d4 cxd4 8.
Nxd4 Bb4 9. e5 Ngxe5 10. O-O Ng6 11. Be3 O-O 12. Bh5 Nge7 13. Qe1 Nxd4 14. Bxd4
Nf5 15. Bf2 d4 16. Qe4 Bd7 17. Ne2 Bc6 18. Qd3 Ne3 19. Bxe3 dxe3 20. Qxe3 Qa5
21. Qe5 Qb6+ 22. Kh1 Be7 23. Qd4 Bc5 24. Qe5 Rad8 25. Rad1 Be7 26. f5 Rxd1 27.
Rxd1 Qf2 28. Qg3 Qxf5 29. Bg4 Qxc2 30. Nd4 Qg6 31. Nxc6 bxc6 32. Qf3 Bf6 33.
Qe2 c5 34. b3 Bd4 35. b4 Qg5 36. b5 e5 37. Bf3 g6 38. a4 Qd8 39. Qc4 Qe7 40.
Bd5 Kg7 41. a5 Qc7 42. a6 f5 43. Rb1 Rb8 44. Bc6 Qxc6 0-1

[Event "Open 13 2011/2012"]
[Site "Vitrolles"]
[Date "2012.02.18"]
[Round "7"]
[White "Parroco, Pierre-Jean"]
[Black "Vialette, Eric"]
[Result "0-1"]
[WhiteElo "1696"]
[BlackElo "1740"]
[PlyCount "88"]

1. e4 d5 2. exd5 Nf6 3. Bb5+ Bd7 4. Bc4 Bg4 5. f3 Bf5 6. g4 Bg6 7. d4 Nxd5 8.
a3 e6 9. Bxd5 exd5 10. Bf4 Bd6 11. Qe2+ Qe7 12. Qxe7+ Kxe7 13. Bxd6+ Kxd6 14.
Kd2 Re8 15. Nc3 Nc6 16. Nge2 h6 17. Rae1 a6 18. Nd1 b5 19. c3 Na5 20. Nf2 Nc4+
21. Kc1 Re3 22. Ng3 Rxf3 23. Rhf1 Re3 24. Rxe3 Nxe3 25. Re1 Nc4 26. Nf1 f6 27.
Ne3 Nxe3 28. Rxe3 Re8 29. Rxe8 Bxe8 30. Kd2 a5 31. b4 a4 32. Ke3 Bg6 33. h4 Bc2
34. Nh3 c6 35. Kf4 g5+ 36. hxg5 fxg5+ 37. Kg3 Ke6 38. Nf2 Kf6 39. Nh3 Kg6 40.
Ng1 Bd1 41. Nh3 h5 42. Nf2 Be2 43. Kg2 hxg4 44. Kg3 Kf5 0-1

[Event "Open 13 2011/2012"]
[Site "Vitrolles"]
[Date "2012.02.18"]
[Round "7"]
[White "Tchifteyan, Philippe"]
[Black "Estevez, Ange"]
[Result "0-1"]
[WhiteElo "1661"]
[BlackElo "1624"]
[PlyCount "54"]

1. e4 e5 2. Nf3 Nc6 3. d4 exd4 4. Nxd4 Nf6 5. Nxc6 bxc6 6. e5 Qe7 7. Qe2 Ng8 8.
Nd2 g6 9. b3 Bg7 10. Bb2 a5 11. a4 Ba6 12. c4 Nh6 13. Rb1 O-O 14. Ne4 Rfe8 15.
Nf6+ Bxf6 16. exf6 Qb4+ 17. Kd1 Rxe2 18. Bxe2 Re8 19. Bd3 Ng4 20. Bd4 Qd6 21.
Be3 Qxd3+ 22. Kc1 Nxe3 23. fxe3 Qc3+ 24. Kd1 Rxe3 25. Rg1 d5 26. g4 d4 27. Rg2
Re1# 0-1

[Event "Open 13 2011/2012"]
[Site "Vitrolles"]
[Date "2012.02.18"]
[Round "7"]
[White "Flores, Antonio"]
[Black "Mosse, Laurent"]
[Result "0-1"]
[WhiteElo "1640"]
[BlackElo "1792"]
[PlyCount "50"]

1. d4 Nf6 2. c4 e6 3. Nc3 Bb4 4. a3 Bxc3+ 5. bxc3 d5 6. e3 O-O 7. Bd3 dxc4 8.
Bxc4 c5 9. Ne2 cxd4 10. cxd4 Qc7 11. Bd3 e5 12. e4 exd4 13. Nxd4 Qc3+ 14. Bd2
Qxd3 15. Ne2 Nxe4 16. Ra2 Re8 17. O-O Nc6 18. Nf4 Qd6 19. Re1 Bf5 20. Qe2 h6
21. Qd1 Nxd2 22. Ne2 Rad8 23. Ng3 Nf3+ 24. gxf3 Qxd1 25. Rf1 Re1 0-1

[Event "Open 13 2011/2012"]
[Site "Vitrolles"]
[Date "2012.03.17"]
[Round "8"]
[White "Dudognon, Thibault"]
[Black "Del Vecchio, Alain"]
[Result "1-0"]
[WhiteElo "1802"]
[BlackElo "1770"]
[PlyCount "59"]

1. e4 d5 2. Nc3 d4 3. Nce2 e5 4. d3 Bd6 5. h3 c5 6. c3 Nc6 7. g3 Nge7 8. cxd4
cxd4 9. Bg2 O-O 10. Nf3 h6 11. O-O Be6 12. Nh2 f5 13. f4 fxe4 14. dxe4 Bc5 15.
Kh1 Bc4 16. f5 Qd6 17. Bd2 d3 18. Nc3 Nd4 19. Ng4 Ne2 20. Kh2 h5 21. Ne3 Bxe3
22. Bxe3 Qb4 23. Qd2 Nc6 24. a3 Qe7 25. Bg5 Qf7 26. f6 g6 27. Bh6 Rfd8 28. Bg7
Qe8 29. f7+ Bxf7 30. Qh6 1-0

[Event "Open 13 2011/2012"]
[Site "Vitrolles"]
[Date "2012.03.17"]
[Round "8"]
[White "Faure, Alexandre"]
[Black "Montanelli, Tristan"]
[Result "1-0"]
[WhiteElo "1764"]
[BlackElo "1685"]
[PlyCount "97"]

1. e4 e6 2. d4 c5 3. c3 d5 4. exd5 Qxd5 5. Nf3 Nf6 6. Na3 Nc6 7. Be2 cxd4 8.
Nb5 Qd8 9. Nfxd4 Nd5 10. Nxc6 bxc6 11. Nd4 Bb7 12. O-O Bc5 13. Bf3 Qb6 14. Nb3
Be7 15. c4 Nf6 16. Be3 Qc7 17. Nc5 Rd8 18. Qa4 Ba8 19. Nb3 Rd7 20. Na5 O-O 21.
Nxc6 Bd6 22. h3 Rc8 23. Nxa7 Qxc4 24. Qxc4 Rxc4 25. Bxa8 Ra4 26. Bc6 Raxa7 27.
Bxd7 Rxd7 28. Rac1 h6 29. a3 Rd8 30. Rfd1 Nd5 31. Bc5 Be5 32. Bd4 Bf4 33. Rc4
Nb6 34. Rb4 Nd5 35. Rb7 h5 36. Bc5 Be5 37. b4 Ra8 38. Ra7 Rc8 39. g3 Bb2 40. a4
Bc3 41. Rd3 Bxb4 42. Bxb4 Nxb4 43. Rdd7 Nc6 44. Rac7 Rxc7 45. Rxc7 Na5 46. Rc5
Nb7 47. Rxh5 f5 48. Rh4 Kf7 49. Rb4 1-0

[Event "Open 13 2011/2012"]
[Site "Vitrolles"]
[Date "2012.03.17"]
[Round "8"]
[White "Danielian, Kevin"]
[Black "Madranges, Jean"]
[Result "1-0"]
[WhiteElo "1559"]
[BlackElo "1832"]
[PlyCount "95"]

1. d4 e6 2. c4 f5 3. Nc3 Nf6 4. Nf3 Bb4 5. Bd2 b6 6. g3 Bb7 7. Bg2 O-O 8. O-O
d6 9. a3 Bxc3 10. Bxc3 Nbd7 11. Rc1 Ne4 12. Qb3 c5 13. Rfd1 Qe8 14. Qb5 Rc8 15.
dxc5 Bc6 16. Qb3 Ndxc5 17. Qa2 Ba4 18. Rf1 Nb3 19. Rcd1 Nbc5 20. Rc1 Bb3 21.
Qb1 e5 22. Nd2 Nxd2 23. Bd5+ Kh8 24. Bxd2 Qh5 25. Rfe1 Ba4 26. Bb4 f4 27. Bxc5
dxc5 28. Qd3 fxg3 29. hxg3 Bc6 30. Rcd1 Rcd8 31. Qe4 Bxd5 32. Rxd5 Rde8 33.
Red1 Qf7 34. Qe3 Qf5 35. R1d3 h6 36. Qf3 Qg5 37. Qe3 Qf5 38. Rd7 Qf6 39. R7d6
Qf5 40. a4 e4 41. R3d5 Qg4 42. Rxh6+ Kg8 43. Rh4 Qg6 44. Rf4 Rxf4 45. Qxf4 Rf8
46. Rg5 Qe6 47. Qe5 Qf7 48. Qd5 1-0

[Event "Open 13 2011/2012"]
[Site "Vitrolles"]
[Date "2012.03.17"]
[Round "8"]
[White "Derien, Robert"]
[Black "Jean, Nicolas"]
[Result "0-1"]
[WhiteElo "1731"]
[BlackElo "1808"]
[PlyCount "78"]

1. e4 e5 2. Nf3 Nc6 3. Bc4 Bc5 4. c3 Nf6 5. d4 exd4 6. cxd4 Bb4+ 7. Nc3 Nxe4 8.
O-O Bxc3 9. bxc3 O-O 10. d5 Ne7 11. Qd4 Nd6 12. Bd3 Ng6 13. Bg5 f6 14. Bd2 Nf7
15. Nh4 Nfe5 16. Bc2 d6 17. f4 Nxh4 18. fxe5 fxe5 19. Rxf8+ Kxf8 20. Rf1+ Kg8
21. Qf2 Qf6 22. Qg3 Nf5 23. Qd3 Bd7 24. Qh3 Rf8 25. g4 Qg6 26. Kh1 Ng3+ 27.
hxg3 Qxc2 28. Rxf8+ Kxf8 29. Qf1+ Kg8 30. Qe2 Qxa2 31. c4 Qc2 32. Kg1 a5 33.
Qe3 Bxg4 34. Bxa5 Qxc4 35. Kf2 b6 36. Bd2 Qxd5 37. Be1 Qd4 38. Bd2 Kf7 39. Ke1
Qxe3+ 0-1

[Event "Open 13 2011/2012"]
[Site "Vitrolles"]
[Date "2012.03.17"]
[Round "8"]
[White "Charvein, Gabriel"]
[Black "Panagiotopoulos, Christos"]
[Result "1/2-1/2"]
[WhiteElo "1764"]
[BlackElo "1810"]
[PlyCount "42"]

1. Nf3 Nf6 2. g3 g6 3. Bg2 Bg7 4. O-O O-O 5. d3 d6 6. e4 c5 7. Nc3 Nc6 
8. Nh4 Bd7 9. f4 Rb8 10. Bd2 b5 11. Ne2 b4 12. f5 Qb6 13. h3 c4+ 14. Kh2 cxd3 
15. cxd3 Ne5 16. Bf4 Bb5 17. Nc1 Qd4 18. Bxe5 dxe5 19. fxg6 hxg6 20. Qb3 a5 
21. Nf3 Qd6 1/2-1/2

[Event "Open 13 2011/2012"]
[Site "Vitrolles"]
[Date "2012.03.17"]
[Round "8"]
[White "Bertrand, Alexandre"]
[Black "Urcun, Gael"]
[Result "0-1"]
[WhiteElo "1644"]
[BlackElo "1703"]
[PlyCount "62"]

1. d4 Nf6 2. c4 g6 3. Nc3 Bg7 4. e4 d6 5. f3 O-O 6. Be3 c5 7. d5 Na6 8. Qd2 Bd7
9. a3 Qa5 10. Nge2 Nc7 11. g4 b5 12. Nxb5 Qxd2+ 13. Bxd2 Nxb5 14. cxb5 Bxb5 15.
Ng3 Bxf1 16. Rxf1 Nd7 17. Rb1 Ne5 18. Bc3 Rab8 19. b3 Rb7 20. Ke2 Rfb8 21. b4
cxb4 22. Rxb4 Rxb4 23. axb4 Nc4 24. Bxg7 Kxg7 25. Rb1 Rb5 26. Ra1 Rxb4 27. Rxa7
Rb2+ 28. Kd3 Ne5+ 29. Ke3 Rb3+ 30. Ke2 Nxf3 31. Nf1 Kf6 0-1

[Event "Open 13 2011/2012"]
[Site "Vitrolles"]
[Date "2012.03.17"]
[Round "8"]
[White "Saada, Claude"]
[Black "Savalle, Mathilde"]
[Result "0-1"]
[WhiteElo "1832"]
[BlackElo "1654"]
[PlyCount "54"]

1. d4 d5 2. c4 dxc4 3. Nc3 Nf6 4. e4 e6 5. Bxc4 c5 6. e5 cxd4 7. exf6 dxc3 8.
Qxd8+ Kxd8 9. Bg5 Kc7 10. bxc3 Rg8 11. Bf4+ Kd8 12. Rd1+ Nd7 13. Bg5 Kc7 14.
Bf4+ Kd8 15. Bg5 Ke8 16. Bb5 a6 17. Bxd7+ Bxd7 18. Ne2 gxf6 19. Bxf6 Rxg2 20.
Rxd7 Kxd7 21. Ng3 Bc5 22. Bd4 Bxd4 23. cxd4 Rc8 24. Kf1 Rxg3 25. hxg3 Rc1+ 26.
Kg2 Rxh1 27. Kxh1 Kd6 0-1

[Event "Open 13 2011/2012"]
[Site "Vitrolles"]
[Date "2012.03.17"]
[Round "8"]
[White "Giraud, Sylvain"]
[Black "Beraud, Robert"]
[Result "0-1"]
[WhiteElo "1810"]
[BlackElo "1810"]
[PlyCount "98"]

1. e4 e5 2. Nf3 Nc6 3. Bb5 a6 4. Ba4 Nf6 5. O-O Be7 6. Qe2 b5 7. Bb3 O-O 8. c3
d6 9. h3 Na5 10. Bc2 c5 11. d4 Nc6 12. Rd1 Qc7 13. d5 Nd8 14. Nh2 h6 15. Rd3
Nh7 16. f4 c4 17. Rf3 exf4 18. Bxf4 Bg5 19. Nd2 Bxf4 20. Rxf4 f6 21. Rf2 Nf7
22. Raf1 Qc5 23. Ndf3 Re8 24. Nd4 Bd7 25. Kh1 b4 26. Qe3 Rab8 27. Qg3 Kh8 28.
Nf5 Bxf5 29. Rxf5 Qa5 30. cxb4 Qxb4 31. b3 Qa3 32. Qc3 Rec8 33. Qa1 c3 34. Rb1
a5 35. Rf3 Qc5 36. a3 Nhg5 37. Rg3 Rc7 38. h4 Nh7 39. Nf1 Rbc8 40. Ne3 Ne5 41.
Nf5 Qf2 42. Rc1 g6 43. Nxd6 Qxg3 44. Nxc8 Rxc8 45. Bd1 Qxh4+ 46. Kg1 Qe1+ 47.
Kh2 Ng5 48. b4 c2 49. Bxc2 Ng4# 0-1

[Event "Open 13 2011/2012"]
[Site "Vitrolles"]
[Date "2012.03.17"]
[Round "8"]
[White "Girard, Jean-Pierre"]
[Black "Vialette, Eric"]
[Result "1-0"]
[WhiteElo "1868"]
[BlackElo "1740"]
[PlyCount "65"]

1. e4 d5 2. exd5 Nf6 3. Nf3 Bg4 4. Be2 Nxd5 5. d4 e6 6. O-O Be7 7. c4 Nb6 8.
Nc3 O-O 9. h3 Bh5 10. Bf4 c6 11. b3 N8d7 12. Qc2 Nc8 13. Rad1 Ndb6 14. Rfe1 Bb4
15. Qc1 Qe7 16. g4 Bg6 17. Bf1 Qf6 18. Bg2 Qd8 19. a3 Be7 20. Ne5 Bh4 21. d5
exd5 22. cxd5 cxd5 23. Nxd5 Nxd5 24. Bxd5 Qb6 25. Be3 Qb5 26. Nxg6 hxg6 27. Bc5
Re8 28. a4 Rxe1+ 29. Rxe1 Qd3 30. Bc4 Qxh3 31. Qf4 Kh7 32. Re3 Bxf2+ 33. Kxf2
1-0